Track aus Hat Sie Nicht Gesagt - Statistiken

Allgemein
  • Dieses Quiz wurde 5 mal gespielt
  • Das Durchschnittsergebnis liegt bei 5 aus 8
Antwortstatistiken
Hint Antwort % Korrekt
mit Retado Hat Sie Nicht Gesagt
100%
mit Robbensohn Bikini Grell
80%
mit Barré Keta und Krawall
80%
mit Platzpatron Oh Was
80%
mit mysli Fussballmänner
60%
mit UHD Bezahlen
40%
Feierabend
40%
mit Barré Sweet Baby Jesus
20%
Keine übereinstimmenden Quizze gefunden
Verteilung der Resultate
Anzahl Personen mit jedem Resultat
Perzentil nach korrekt beantworteten Fragen
Ihre Resultats-Entwicklung
Sie haben dieses Quiz noch nicht gespielt